Countries @Quizmaster Has Visited - Statistics

General Stats
  • This quiz has been taken 9 times
  • The average score is 11 of 24
Answer Stats
Region(s) of the country that they have been to Country % Correct
British Columbia, Ontario, Quebec Canada
100%
Hong Kong China
100%
Bavaria, Berlin, North Rhine-Westphalia Germany
88%
Friuli Venezia Giulia, Lazio, Lombardy, Piedmont, Tuscany Italy
88%
Baja California Mexico
88%
Alabama, Alaska, Arizona, Arkansas, California, Colorado, Connecticut, Delaware, District of Columbia, Florida, Georgia, Hawaii, Idaho, Illinois, Indiana, Iowa, Kansas, Kentucky, Louisiana, Maine, Maryland, Massachusetts, Michigan, Minnesota, Mississippi, Missouri, Montana, Nevada, New Hampshire, New Jersey, New Mexico, New York, North Dakota, Ohio, Oregon, Pennsylvania, Rhode Island, South Dakota, Tennessee, Texas, Utah, Vermont, Virginia, Washington, West Virginia, Wisconsin, Wyoming United States
88%
New South Wales, Northern Territory, South ______, Victoria, Western ______ Australia
75%
Andalusia, Catalonia, Madrid Spain
75%
England, Northern Ireland, Scotland, Wales United Kingdom
75%
Auvergne-Rhône-Alpes, Centre-Val de Loire, Grand Est, Île-de-_____, Nouvelle Aquitaine, Occitanie, Pays de la Loire, Provence-Alpes-Côte-d’Azur France
63%
Unknown Japan
50%
Unknown Austria
38%
Unknown Ireland
38%
Unknown Netherlands
38%
Unknown Denmark
25%
Unknown Monaco
25%
Unknown New Zealand
13%
Unknown Norway
13%
Unknown Peru
13%
Unknown Sweden
13%
______ (Only region) Vatican City
13%
Unknown Costa Rica
0%
Unknown Tanzania
0%
Unknown Thailand
0%
No matching quizzes found
Score Distribution
Percent of People with Each Score
Percentile by Number Answered
Your Score History
You have not taken this quiz